[Event "XXIV Open"]
[Site "Cappelle La Grande FRA"]
[Date "2008.02.17"]
[Round "2"]
[White "Kveinys,A"]
[Black "Mannion,S"]
[Result "1-0"]
[WhiteElo "2521"]
[BlackElo "2347"]

1.Nf3 Nf6 2.c4 c5 3.Nc3 b6 4.e4 d6 5.d4 cxd4 6.Nxd4 Bb7 7.f3 e6 8.Be3 Be7
9.Be2 O-O 10.O-O a6 11.Qd2 Nbd7 12.Rfc1 Rc8 13.Kh1 Ne5 14.Na4 Nfd7 15.b4 Re8
16.Rab1 Bf6 17.Rc2 Qc7 18.Bf1 Qb8 19.Bg1 Kh8 20.Qc1 Qa8 21.Nb3 d5 22.exd5 exd5
23.c5 b5 24.Nc3 Nc4 25.Bd4 Qb8 26.Re2 Be5 27.Qg5 Rc6 28.Rbe1 Rce6 29.Bxe5 Rxe5
30.Rxe5 Rxe5 31.Rxe5 Ndxe5 32.Qe7 Kg8 33.Nd4 Nc6 34.Nxc6 Bxc6 35.Ne2 Qe8
36.Qxe8+ Bxe8 37.Nd4 Ne5 38.Kg1 Kf8 39.Kf2 Ke7 40.f4 Ng4+ 41.Kg3 Bd7 42.Bd3 g6
43.Nc2 f5 44.Be2 Nf6 45.a3 Ne4+ 46.Kf3 Nd2+ 47.Ke3 Nc4+ 48.Kd4 Ke6 49.g4 Bc6
50.g5 Bb7 51.h4 Bc6 52.h5 Be8 53.h6 Bc6 54.Bd3 Nd2 55.Kc3 Nf3 56.Be2 Nh2
57.Nd4+ Kd7 58.Nxc6 Kxc6 59.Kd4 Ng4 60.Bf3  1-0

[Event "US Amateur Team-ch East"]
[Site "Parsippany USA"]
[Date "2008.02.17"]
[Round "4"]
[White "Rubenchik,R"]
[Black "Times,L"]
[Result "1/2-1/2"]
[WhiteElo "2303"]
[BlackElo "2060"]

1.Nf3 Nf6 2.c4 c5 3.Nc3 b6 4.g3 Bb7 5.Bg2 g6 6.O-O Bg7 7.d4 cxd4 8.Qxd4 O-O
9.Qh4 Qc7 10.Bg5 d6 11.Rac1 Nbd7 12.Nd5 Qd8 13.Nd4 Rb8 14.Rfd1 a6 15.a4 Re8
16.b3 Kh8 17.Rc3 Kg8 18.g4 Nxd5 19.cxd5 Bxd4 20.Rxd4 Nf8 21.Re3 f6 22.Bh6 e5
23.dxe6 Rxe6 24.Qg3 Rxe3 25.Bxe3 d5 26.Bxd5+ Bxd5 27.Rxd5 Qxd5 28.Qxb8 Qxb3
29.Bh6 Qb4 30.Bxf8 Qxf8 31.Qxb6 Qc8 32.h3 Kg7 33.Kg2 Qc4 34.Qa7+ Kg8 35.Qa8+ Kg7
36.Qb7+ Kg8 37.Qe7 Qxa4 38.Qxf6 Qe4+ 39.Qf3 Qc4 40.Qa8+ Kg7 41.e4 a5 42.Qb7+ Kf6
43.Qb6+ Kg7 44.Qb7+ Kf6 45.h4 h6 46.Qb2+ Kf7 47.Qe5 a4 48.h5 gxh5 49.Qxh5+ Kg7
50.Qe5+ Kf7 51.Qf5+ Ke7 52.Qh7+ Kd8 53.Qxh6 Qxe4+ 54.Kg3 Qe5+ 55.Kh4 a3 56.Qf8+ Kc7
57.Qf7+ Kd6 58.g5 Qe4+ 59.Kh5 Qh1+ 60.Kg6 Qe4+ 61.Kh5 Qh1+ 62.Kg6 Qe4+  1/2-1/2

[Event "XXIV Open"]
[Site "Cappelle La Grande FRA"]
[Date "2008.02.18"]
[Round "4"]
[White "Banusz,T"]
[Black "Mannion,S"]
[Result "1/2-1/2"]
[WhiteElo "2489"]
[BlackElo "2347"]

1.c4 c5 2.Nf3 Nf6 3.Nc3 b6 4.g3 Bb7 5.Bg2 e6 6.O-O Be7 7.d4 cxd4 8.Qxd4 d6
9.Bg5 a6 10.Bxf6 Bxf6 11.Qd3 Ra7 12.Rad1 Be7 13.Nd4 Bxg2 14.Kxg2 Qc8 15.f4 Nd7
16.Rf3 Rc7 17.b3 O-O 18.g4 Rd8 19.Rh3 g6 20.g5 Qb7+ 21.Qf3 Qxf3+ 22.Rxf3 Rdc8
23.Ne4 Nc5 24.Re3 Nxe4 25.Rxe4 Rc5 26.Nf3 b5 27.cxb5 axb5 28.Rd2 d5 29.Red4 Rc1
30.Rd1 R1c2 31.R1d2 Rc1 32.Rd1 R1c2 33.R4d2  1/2-1/2

[Event "XXIV Open"]
[Site "Cappelle La Grande FRA"]
[Date "2008.02.18"]
[Round "4"]
[White "Saatdjian,T"]
[Black "Le Ruyet,L"]
[Result "1-0"]
[WhiteElo "2320"]
[BlackElo "2108"]

1.Nf3 c5 2.c4 Nf6 3.Nc3 d5 4.cxd5 Nxd5 5.g3 Nc6 6.Bg2 Nf6 7.O-O e5 8.d3 Be7
9.Nd2 O-O 10.Nc4 Nd7 11.a4 Nb6 12.Ne3 a5 13.Nc4 Be6 14.b3 Nd5 15.Nxd5 Bxd5
16.Bxd5 Qxd5 17.Nb6 Qe6 18.Nxa8 Rxa8 19.Be3 f5 20.Qc1 Qd6 21.Qc4+ Kh8 22.f4 Rf8
23.Rac1 b6 24.Qb5 Nd4 25.Bxd4 Qxd4+ 26.Kg2 Qd5+ 27.Rf3 g5 28.Qc4 Qc6 29.fxg5 e4
30.dxe4 fxe4 31.Rxf8+ Bxf8 32.Rf1  1-0

[Event "US Amateur Team-ch East"]
[Site "Parsippany USA"]
[Date "2008.02.18"]
[Round "5"]
[White "Dzindzichashvili,R"]
[Black "Gaspard,F"]
[Result "1-0"]
[WhiteElo "2542"]
[BlackElo "2111"]

1.c4 c5 2.Nf3 Nf6 3.Nc3 d5 4.cxd5 Nxd5 5.g3 Nc6 6.Bg2 Nc7 7.d3 e5 8.Nd2 Bd7
9.O-O Be7 10.Nc4 f6 11.f4 exf4 12.Bxf4 O-O 13.Qb3 Ne6 14.Qxb7 Rc8 15.Qa6 Nxf4
16.Rxf4 Re8 17.Qa4 Bf8 18.Raf1 Nd4 19.Qd1 Ne6 20.R4f2 Ng5 21.Bd5+ Be6 22.Bxe6+ Rxe6
23.Kg2 Qe8 24.h4 Nf7 25.Qa4 Qxa4 26.Nxa4 Nd8 27.Nc3 Nc6 28.Ne4 Nb4 29.a3 Nd5
30.g4 Be7 31.g5 fxg5 32.hxg5 Rg6 33.Rf5 Rd8 34.R1f3 h6 35.Ne5 Rb6 36.gxh6 Rxh6
37.Nf7 Rg6+ 38.Kf2 Rf8 39.Rxd5 Rxf7 40.Rxf7 Kxf7 41.Rd7 Rb6 42.Rxa7 Ke6 43.Nd2 Rxb2
44.Nc4 Rb8 45.a4 Bf6 46.a5 Rb1 47.Ra6+ Kf7 48.Rb6 Ra1 49.a6 Kg8 50.Kf3 Ra2
51.Nd6 Be5 52.Nb5 Bf6 53.a7 Be5 54.Re6  1-0

[Event "XXIV Open"]
[Site "Cappelle La Grande FRA"]
[Date "2008.02.19"]
[Round "5"]
[White "Saravanan,V1"]
[Black "Kveinys,A"]
[Result "1/2-1/2"]
[WhiteElo "2379"]
[BlackElo "2521"]

1.Nf3 c5 2.c4 Nf6 3.Nc3 e6 4.g3 b6 5.Bg2 Bb7 6.O-O a6 7.Re1 d6 8.e4 Nbd7
9.d4 cxd4 10.Nxd4 Qc7 11.Be3 Be7 12.Rc1 Nc5 13.b4 Ncxe4 14.Nxe4 Nxe4 15.Qg4 Nf6
16.Qxg7 Rg8 17.Qh6 Bxg2 18.Kxg2 Qb7+ 19.Kg1 Rg6 20.Qh3 Kf8 21.Qg2 Qxg2+ 22.Kxg2 Ng4
23.Nc6 Nxe3+ 24.fxe3 Rc8 25.Nxe7 Kxe7 26.e4 Rg5 27.Re3 a5 28.Ra3 axb4 29.Ra7+ Kf6
30.Rf1+ Ke5 31.Raxf7 Rxc4 32.Rxh7 Rc2+ 33.Rf2 Rxf2+ 34.Kxf2 Kxe4 35.Rh4+ Kd3
36.Rxb4 d5 37.g4 Rg8 38.Rb3+ Kc2 39.Rxb6 e5 40.Re6 Rxg4 41.Rxe5 d4 42.Kf3 Rh4
43.Kg3 Rh8 44.Rd5 d3 45.h4 d2 46.Kg4 d1=Q+ 47.Rxd1 Kxd1 48.h5 Ke2 49.Kg5 Ke3
50.h6 Ke4 51.Kg6 Rg8+ 52.Kf6 Ra8 53.h7 Kf4 54.Kg7 Ra7+ 55.Kg6 Ra6+ 56.Kg7 Ra7+  1/2-1/2

[Event "XXIV Open"]
[Site "Cappelle La Grande FRA"]
[Date "2008.02.19"]
[Round "5"]
[White "Jaracz,P"]
[Black "Grooten,H"]
[Result "0-1"]
[WhiteElo "2527"]
[BlackElo "2375"]

1.c4 c5 2.Nf3 Nf6 3.Nc3 b6 4.e3 g6 5.d4 Bg7 6.d5 O-O 7.e4 e6 8.Bd3 exd5 9.cxd5 d6
10.h3 b5 11.O-O b4 12.Ne2 Re8 13.Ng3 Ba6 14.Bxa6 Nxa6 15.Qd3 Qb6 16.Nd2 Nc7
17.Nc4 Qa6 18.Bf4 Rad8 19.a3 b3 20.a4 Na8 21.Rfd1 h5 22.f3 h4 23.Ne2 Nh5
24.Bg5 Rb8 25.Nc3 Bd4+ 26.Kh1 f6 27.Bxh4 Nf4 28.Qf1 Bxc3 29.bxc3 g5 30.Bg3 Nb6
31.Nxd6 Qxf1+ 32.Rxf1 Red8 33.Nf5 Kf7 34.Ne3 b2 35.Ra2 Nbxd5 36.exd5 b1=Q
37.Rxb1 Rxb1+ 38.Kh2 Nxd5 39.Nc4 Nxc3 40.Rc2 Nxa4 41.Nd6+ Kg6 42.Re2 Nc3
43.Re7 Nd5 44.Re4 Nf4  0-1

[Event "XXIV Open"]
[Site "Cappelle La Grande FRA"]
[Date "2008.02.20"]
[Round "6"]
[White "Krivonosov,O"]
[Black "Chapman,T"]
[Result "1-0"]
[WhiteElo "2418"]
[BlackElo "2219"]

1.Nf3 Nf6 2.c4 c5 3.Nc3 d5 4.cxd5 Nxd5 5.d4 Nxc3 6.bxc3 cxd4 7.cxd4 e5 8.e3 Bb4+
9.Bd2 Bxd2+ 10.Qxd2 e4 11.Ne5 O-O 12.Bc4 Nd7 13.Nxd7 Qxd7 14.O-O b6 15.Qb4 Bb7
16.Rfc1 Rac8 17.h3 Bd5 18.Qb5 Qxb5 19.Bxb5 Bb7 20.Bd7 Rxc1+ 21.Rxc1 Rb8 22.Rc7 a5
23.a4 g6 24.g4 h6 25.Bb5 Bd5 26.h4 g5 27.hxg5 hxg5 28.Bc6 Bxc6 29.Rxc6 Kf8
30.Kg2 b5 31.axb5 Rxb5 32.Rc7 Kg7 33.Re7 Kf6 34.Re8 Rb3 35.Re5 a4 36.Rf5+ Kg6
37.Ra5 Ra3 38.Ra6+ Kg7 39.d5 Kf8 40.Ra7 Rd3 41.Rxa4 Rxd5 42.Rxe4 Kg7 43.Rd4 Ra5
44.Kf3 Ra2 45.Rd5 Kg6 46.Rd6+ Kg7 47.Kg3 Ra3 48.Rd2 Kg6 49.Kf3 Ra4 50.Rd6+ Kg7
51.Rc6 Rb4 52.Ra6 Rc4 53.Ra3 Rb4 54.Rc3 Ra4 55.Kg3 Rb4 56.f3 Ra4 57.Rd3 Rb4
58.Kf2 Rb2+ 59.Ke1 Ra2 60.Rd2 Ra3 61.Ke2 Kf6 62.Rc2 Ra6 63.Rc4 Ra3 64.Rc6+ Kg7
65.Kd2 Rb3 66.Rc3 Rb4 67.Kd3 Kg6 68.Rc6+ f6 69.Rc4 Rb8 70.Rc5 Rd8+ 71.Ke4 Rd6
72.f4 gxf4 73.exf4 Re6+ 74.Kf3 Ra6 75.Kg3 Rb6 76.Kh4 Rb1 77.Rc6 Rh1+ 78.Kg3 Kg7
79.Rc7+ Kh6 80.Kf3 Re1  1-0

[Event "18th ch-IRI"]
[Site "Tehran IRI"]
[Date "2008.02.23"]
[Round "9"]
[White "Ghaem Maghami,E"]
[Black "Golizadeh,A"]
[Result "1-0"]
[WhiteElo "2589"]
[BlackElo "2296"]

1.c4 Nf6 2.Nc3 e6 3.Nf3 c5 4.g3 b6 5.Bg2 Bb7 6.O-O Be7 7.d4 cxd4 8.Qxd4 d6
9.Rd1 O-O 10.b3 Nc6 11.Qf4 Rc8 12.Bb2 Rc7 13.g4 Rd7 14.Rd2 Ne5 15.h3 Qa8
16.Rad1 Rfd8 17.Qg3 Nxf3+ 18.exf3 d5 19.g5 Ne8 20.cxd5 Bxd5 21.f4 Nc7 22.Nxd5 Nxd5
23.f5 Qc6 24.Qe5 Bf8 25.h4 Qd6 26.Qe4 Qe7 27.Bf1 Nc7 28.f6 Qe8 29.Rxd7 Rxd7
30.Rxd7 Qxd7 31.fxg7 Bxg7 32.Bxg7 Kxg7 33.Bd3 Kf8 34.Qxh7 Qd4 35.Qe4 Qa1+
36.Kg2 Qxa2 37.Qb4+ Kg8 38.h5 Nd5 39.Qd6 Ne3+ 40.Kf3 Nf5 41.Qd8+ Kh7 42.Bxf5+ exf5
43.Qd5 Kg7 44.Qe5+ Kf8 45.Qh8+ Ke7 46.Qf6+ Kf8 47.Qd8+ Kg7 48.h6+ Kh7  1-0

[Event "25th Festival Open A"]
[Site "Bled SLO"]
[Date "2008.02.26"]
[Round "5"]
[White "Stojanovic,An"]
[Black "Jeran,B"]
[Result "1-0"]
[WhiteElo "2310"]
[BlackElo "2173"]

1.Nf3 Nf6 2.c4 c5 3.Nc3 g6 4.d4 Bg7 5.e4 cxd4 6.Nxd4 d6 7.Be2 Nc6 8.Be3 O-O
9.O-O Bd7 10.Kh1 Nxd4 11.Bxd4 Bc6 12.Bd3 a5 13.b3 Nd7 14.Bxg7 Kxg7 15.f4 Qb6
16.a3 Qd4 17.Ne2 Qb2 18.a4 f5 19.exf5 gxf5 20.Rb1 Qa2 21.Bc2 e6 22.Qc1 Be4
23.Bxe4 Qxe2 24.Bf3 Qa2 25.Qc3+  1-0

[Event "65th ch-GEO w"]
[Site "Tbilisi GEO"]
[Date "2008.02.29"]
[Round "2"]
[White "Guramishvili,S"]
[Black "Khotenashvili,B"]
[Result "1-0"]
[WhiteElo "2300"]
[BlackElo "2271"]

1.Nf3 Nf6 2.c4 e6 3.Nc3 c5 4.g3 a6 5.Bg2 b5 6.cxb5 d5 7.bxa6 Nc6 8.O-O Qb6
9.b3 Bxa6 10.Bb2 Be7 11.Na4 Qa7 12.Ne5 Na5 13.d4 c4 14.Bc3 Bb5 15.Nc5 O-O
16.Bxa5 Qxa5 17.bxc4 Be8 18.Nb3 Qb4 19.c5 Bb5 20.Qc2 Ne8 21.Nd3 Qa4 22.Qc3 Nc7
23.Rfc1 Ra7 24.e3 Qc4 25.Bf1 Qxc3 26.Rxc3 Rfa8 27.Nbc1 Bf6 28.Rb1 g6 29.Rcb3 Ra5
30.Nb4 Ba4 31.R3b2 e5 32.Rd2 exd4 33.exd4 Rb8 34.Rbb2 Bg5 35.f4 Bh6 36.Nbd3 Rab5
37.Rxb5 Rxb5 38.Nb2 Rb4 39.a3  1-0

[Event "24th Open"]
[Site "Bad Woerishofen GER"]
[Date "2008.03.02"]
[Round "4"]
[White "Weidlich,G"]
[Black "Espig,L"]
[Result "1/2-1/2"]
[WhiteElo "2145"]
[BlackElo "2326"]

1.Nf3 c5 2.c4 Nf6 3.Nc3 d5 4.cxd5 Nxd5 5.d4 e6 6.e4 Nxc3 7.bxc3 cxd4 8.cxd4 Nc6
9.Be2 Bb4+ 10.Bd2 Qa5 11.Bxb4 Qxb4+ 12.Qd2 Qxd2+ 13.Kxd2 Ke7 14.Rhc1 Rd8
15.Ke3 Bd7 16.Rc3 Rdc8 17.a3 Na5 18.Rac1 Rxc3+ 19.Rxc3 Rc8 20.Rxc8 Bxc8 21.Kd2 Bd7
22.Kc3 f6 23.e5 Bc6 24.g3 Bd5 25.Ne1  1/2-1/2

[Event "10th WCh-University"]
[Site "Novokuznetsk RUS"]
[Date "2008.03.05"]
[Round "2"]
[White "Noroozi,O"]
[Black "Yurkov,P"]
[Result "1/2-1/2"]
[WhiteElo "2222"]
[BlackElo "2332"]

1.c4 Nf6 2.Nc3 c5 3.Nf3 e6 4.e4 Nc6 5.Be2 Qc7 6.O-O Ng4 7.h3 h5 8.d3 a6 9.g3 Nf6
10.Re1 d6 11.Bf1 Nd7 12.Be3 Be7 13.d4 cxd4 14.Nxd4 h4 15.g4 Nce5 16.Qc1 Nc5
17.Qd2 b6 18.f4 Nc6 19.Nf3 Bb7 20.Rab1 g5 21.f5 O-O-O 22.Bxg5 Ne5 23.Nd4 Bxg5
24.Qxg5 Ncd3 25.Red1 Qxc4 26.Rxd3 Qxd4+ 27.Rxd4 Nf3+ 28.Kf2 Nxg5 29.Rbd1 Kc7
30.Rc4+ Kb8 31.Rb4 Ka7 32.Rbd4 b5 33.Bg2 exf5 34.exf5 Bxg2 35.Kxg2 Rhe8 36.a4 bxa4
37.Rxa4 Re3 38.Rda1 Rg3+ 39.Kf1 Rxh3 40.Rxa6+ Kb7 41.Ra7+ Kc8 42.R1a4 Rf3+
43.Ke2 Re8+ 44.Kd1 Re5 45.Ra8+ Kb7 46.R4a7+ Kb6 47.Ra6+ Kc7 48.R8a7+ Kb8
49.Ra8+ Kb7 50.R6a7+ Kb6 51.Na4+ Kc6 52.Ra6+ Kd5 53.Nc3+ Kd4 54.Rxd6+ Ke3
55.Rd2 Rf1+ 56.Kc2 Re1 57.Ra3 Kf4 58.Rd4+ Ne4 59.Ra7 h3 60.Nxe4 R5xe4 61.Rxe4+ Rxe4
62.Rxf7 Kxg4 63.Rh7 Rf4 64.Kc3 Rxf5 65.Rg7+ Rg5 66.Rd7 h2 67.Rd1 Kh3 68.Rd8 h1=Q
69.Rh8+ Kg2 70.Rxh1 Kxh1 71.b4 Kg2 72.Kc4 Kf3 73.b5 Ke4 74.b6 Rg1 75.Kc5 Ke5
76.b7 Rg8 77.Kc6 Ke6 78.Kc7 Rg7+ 79.Kc6 Rg8 80.Kc7 Rg7+ 81.Kc8 Rxb7 82.Kd8 Rb5  1/2-1/2

[Event "XXIII Open"]
[Site "Reykjavik ISL"]
[Date "2008.03.06"]
[Round "4"]
[White "Simutowe,A"]
[Black "Bergsson,Sn"]
[Result "1-0"]
[WhiteElo "2457"]
[BlackElo "2333"]

1.c4 Nf6 2.Nc3 e6 3.Nf3 c5 4.g3 b6 5.e4 d6 6.d4 Bb7 7.Qe2 cxd4 8.Nxd4 Nc6
9.Nc2 a6 10.Bg2 Qc7 11.O-O Be7 12.Ne3 O-O 13.b3 b5 14.Bb2 b4 15.Na4 Nd7 16.f4 Rfe8
17.Ng4 e5 18.Qf2 Nf6 19.Nxf6+ Bxf6 20.Nb6 Rab8 21.Nd5 Qd8 22.Rad1 Bc8 23.c5 Bg4
24.Nxf6+ Qxf6 25.Rxd6 Re6 26.Rxc6  1-0

[Event "II ch-Ibero-Americano 3rd-4th"]
[Site "Linares ESP"]
[Date "2008.03.07"]
[Round "2"]
[White "Flores,Di"]
[Black "Vescovi,G"]
[Result "0-1"]
[WhiteElo "2558"]
[BlackElo "2617"]

1.c4 c5 2.Nc3 Nf6 3.Nf3 e6 4.e3 Be7 5.d4 cxd4 6.exd4 d5 7.Bd3 dxc4 8.Bxc4 O-O
9.O-O Nc6 10.a3 b6 11.Be3 Bb7 12.Qe2 Rc8 13.Bd3 Nd5 14.Rad1 Na5 15.Ne4 Nf6
16.Nc3 Nd5 17.Ne4 Nf6 18.Nxf6+ Bxf6 19.Ne5 Qd5 20.Qg4 g6 21.f3 Bg7 22.Qh4 Qd8
23.Qg3 Nc6 24.Be4 Qe7 25.Rfe1 Nxe5 26.Bxb7 Qxb7 27.dxe5 Rfd8 28.Bg5 Rd5 29.Bf6 Qd7
30.Rxd5 Qxd5 31.h4 Bxf6 32.exf6 Qd4+ 33.Qf2 Qxf6 34.Rd1 Rd8 35.Rc1 Qf4  0-1

[Event "10th WCh-University"]
[Site "Novokuznetsk RUS"]
[Date "2008.03.07"]
[Round "6"]
[White "Kojima,S"]
[Black "Castro,Fr"]
[Result "1-0"]
[WhiteElo "2205"]
[BlackElo "2152"]

1.Nf3 Nf6 2.c4 c5 3.Nc3 d5 4.cxd5 Nxd5 5.d4 Nxc3 6.bxc3 g6 7.e3 Bg7 8.Be2 O-O
9.O-O Nd7 10.Rb1 e5 11.Ba3 Re8 12.Qb3 cxd4 13.Bc4 Qf6 14.Ng5 Qxg5 15.Bxf7+ Kh8
16.Bxe8 Nf6 17.Ba4 Ne4 18.Qd5 Nxc3 19.Qf7 h5 20.f4 exf4 21.exf4 Qf5 22.Qe8+ Kh7
23.Rbe1 b5 24.Bb3 Bb7 25.Qe7 Be4 26.Bb2 Bd3 27.Rf3 Bc4 28.Bxc4 bxc4 29.Bxc3 dxc3
30.Rxc3 Qxf4 31.Re4 Qd2 32.Rcxc4 Rf8 33.Re2 Qd1+ 34.Re1 Qd2 35.Qe3 Qxa2 36.Rc7 Rf7
37.Rxf7 Qxf7 38.h3 Qd5 39.Qxa7 Qd4+ 40.Qxd4 Bxd4+ 41.Kf1 Kh6 42.Ke2 Kg5 43.Kf3 Bc3
44.Rd1 Bb2 45.Rd5+ Kh6 46.Kf4 Kg7 47.Rc5 Ba3 48.Rc6 Kh6 49.Ke5 Kg5 50.Ke6 Kh4
51.Rc4+ Kg5 52.Kf7 Kf5 53.Ra4 Bd6 54.Ra5+ Kf4 55.Kxg6 h4 56.Kh5  1-0

[Event "KNSB TCh-NED 2007-8"]
[Site "Netherlands NED"]
[Date "2008.03.08"]
[Round "7"]
[White "Wantola,I"]
[Black "Hoeksema,E"]
[Result "1-0"]
[WhiteElo "2229"]
[BlackElo "2377"]

1.Nf3 Nf6 2.c4 c5 3.Nc3 b6 4.g3 Bb7 5.Bg2 g6 6.O-O Bg7 7.d4 cxd4 8.Qxd4 d6
9.Rd1 Nbd7 10.Be3 Rc8 11.Rac1 O-O 12.Qh4 a6 13.b3 Re8 14.Bh3 h5 15.Ng5 Rc7
16.Bd4 e6 17.e4 Qe7 18.f4 Nc5 19.Bg2 e5 20.Bxc5 Rxc5 21.f5 Bh6 22.Rb1 Ng4
23.Nf3 Be3+ 24.Kf1 Qxh4 25.gxh4 gxf5 26.Rxd6 fxe4 27.Ng5 Bxg5 28.hxg5 Ne3+
29.Kf2 Nxg2 30.Kxg2 b5 31.Rc1 bxc4 32.Na4 e3+ 33.Kg3 Ra5 34.Rxc4 e4 35.Nc5 Ba8
36.a4 Re5 37.b4 Rxg5+ 38.Kh4 e2 39.Rc1 Rgxc5 40.bxc5 Rxc5 41.Re1 Bc6 42.Rxe2 a5
43.Rd8+ Kg7 44.Rc8 Rc4 45.Re3 Kf6 46.Rc7 Rc2 47.Kg3 Bxa4 48.Rxc2 Bxc2 49.Rc3 Bd1
50.Kf4 a4 51.Rc6+ Kg7 52.Kxe4 Bb3 53.Ra6 Bc2+ 54.Ke5 f6+ 55.Rxf6 Bb3 56.Ra6 Bc2
57.Kf4 Bd1 58.Kf5 Bc2+ 59.Kg5 Bd1 60.Ra7+ Kg8 61.Kf6 Bc2 62.Rg7+ Kh8 63.Rc7 Bb1
64.Ra7 Bc2 65.Ra5 Kg8 66.Rg5+ Kh7 67.Rxh5+ Kg8 68.Ra5 Kh7 69.Kg5 Kg8 70.Ra7 Bb3
71.h4 Bc2 72.Kh6 Bd1 73.Rg7+ Kf8 74.Rg3 Kf7 75.Rg1 Bc2 76.h5 Kf8 77.Rg4 Kf7
78.Rc4 Bd1 79.Rc5 Bb3 80.Kh7 a3 81.Rf5+ Ke7 82.Ra5 a2 83.Kg7  1-0

[Event "40th WGM"]
[Site "Belgrade SCG"]
[Date "2008.03.10"]
[Round "8"]
[White "Stojanovic,An"]
[Black "Matveeva,S"]
[Result "1/2-1/2"]
[WhiteElo "2310"]
[BlackElo "2433"]

1.Nf3 Nf6 2.c4 c5 3.Nc3 e6 4.g3 b6 5.Bg2 Bb7 6.O-O Be7 7.d4 cxd4 8.Qxd4 d6
9.Bg5 a6 10.Bxf6 Bxf6 11.Qf4 O-O 12.Rfd1 Be7 13.Ne4 Ra7 14.Nxd6 Bxf3 15.Nf5 Bg5
16.Qxf3 Rd7 17.Rxd7 Nxd7 18.Nd4 Nc5 19.e3 e5 20.Nb3 Nxb3 21.axb3 a5 22.Rd1 Qc7
23.Qf5 Rd8 24.Bd5 Bf6 25.h4 Qe7 26.b4 g6 27.Qe4 Qxb4 28.h5 Kg7 29.Rb1 Qe7
30.Kg2 Bg5 31.g4 Qd6 32.b3 Rf8 33.hxg6 hxg6 34.Rh1 Qf6 35.Rh3 Qe7 36.Kf1 Rh8
37.Rxh8 Kxh8 38.f4 exf4 39.Qxe7 Bxe7 40.exf4  1/2-1/2

[Event "ch-UKR Boys u20"]
[Site "Odessa UKR"]
[Date "2008.03.10"]
[Round "6"]
[White "Kovalenko,I"]
[Black "Grekh,A"]
[Result "1-0"]
[WhiteElo "2450"]
[BlackElo "2376"]

1.c4 c5 2.Nc3 Nf6 3.Nf3 d5 4.cxd5 Nxd5 5.e4 Nc7 6.d4 cxd4 7.Qxd4 Qxd4 8.Nxd4 e5
9.Ndb5 Nba6 10.Be3 Bd7 11.a3 Nxb5 12.Nxb5 Rc8 13.b4 Be7 14.Nxa7 Ra8 15.Bb5 Nc7
16.Bxd7+ Kxd7 17.O-O-O+ Ke6 18.Kb2 Rhd8 19.Rxd8 Rxd8 20.Rc1 Rd7 21.Nc8 Nb5
22.Nxe7 Rxe7 23.Rd1 Re8 24.Kb3 Nd6 25.f3 Rc8 26.Bc5 Ne8 27.a4 g6 28.g4 f5
29.g5 fxe4 30.fxe4 Rc6 31.Kc4 Rc7 32.Rd8 Kf7 33.Kb5 Ng7 34.Rf8+ Ke6 35.Kb6  1-0

[Event "Spring Cup"]
[Site "Cheliabinsk RUS"]
[Date "2008.03.11"]
[Round "5"]
[White "Dvoirys,S"]
[Black "Khusnutdinov,R"]
[Result "1/2-1/2"]
[WhiteElo "2549"]
[BlackElo "2452"]

1.c4 Nf6 2.Nf3 c5 3.Nc3 e6 4.g3 b6 5.Bg2 Bb7 6.O-O Be7 7.Re1 d6 8.e4 Nbd7
9.d4 cxd4 10.Nxd4 Qc7 11.Be3 Rc8 12.b3 O-O 13.f4 a6 14.g4 Nc5 15.Bf2 g6 16.f5 e5
17.Nc2 b5 18.g5 Nfxe4 19.Nxe4 Nxe4 20.Bxe4 Bxe4 21.Rxe4 gxf5 22.Re2 Bxg5
23.cxb5 axb5 24.Qd5 f4 25.Nd4 Qd7 26.Nf3 Bf6 27.Kh1 Rfd8 28.Rd1 Qc6 29.Nh4 Qd7
30.Nf3 Qc6 31.a4 bxa4 32.bxa4 Qxa4 33.Rg1+ Kf8 34.Nxe5 Qa8 35.Qxa8 Rxa8 36.Nc6 Rdc8
37.Nd4 Ra5 38.Rd2 Rca8 39.Rgd1 Ra2 40.Kg2 Be5 41.Rxa2 Rxa2 42.Rd3 Ke7 43.Kf3 Kf6  1/2-1/2

[Event "TCh-AUT 1st Bundesliga 2007-8"]
[Site "Graz AUT"]
[Date "2008.03.16"]
[Round "11"]
[White "Gustafsson,J"]
[Black "Ftacnik,L"]
[Result "1/2-1/2"]
[WhiteElo "2607"]
[BlackElo "2542"]

1.Nf3 Nf6 2.c4 c5 3.Nc3 e6 4.d4 cxd4 5.Nxd4 Nc6 6.g3 Bc5 7.Nb3 Be7 8.Bg2 O-O
9.O-O b6 10.Bf4 Bb7 11.Rc1 d6 12.Nb5 Ne8 13.Qd2 a6 14.Nc3 Rb8 15.Rfd1 g5
16.Be3 Ne5 17.Ne4 h6  1/2-1/2

[Event "ch-SRB"]
[Site "Mataruska Banja SRB"]
[Date "2008.03.16"]
[Round "2"]
[White "Drazic,S"]
[Black "Vuckovic,Bo"]
[Result "1/2-1/2"]
[WhiteElo "2489"]
[BlackElo "2556"]

1.Nf3 Nf6 2.c4 c5 3.Nc3 e6 4.d4 cxd4 5.Nxd4 Nc6 6.Ndb5 Bc5 7.a3 O-O 8.b4 Be7
9.e4 a6 10.Nd6 Qc7 11.Bf4 e5 12.Nxc8 exf4 13.Nxe7+ Nxe7 14.Rc1 Qe5 15.Be2 d5
16.exd5 f3 17.gxf3 Ng6 18.O-O Nf4 19.Kh1 b5 20.Qd2 Rfe8 21.Rfe1 Qf5 22.Bf1 bxc4
23.Bxc4 Nh3 24.Bf1 Qxf3+ 25.Bg2 Nxf2+ 26.Kg1 Nh3+ 27.Kh1 Nf2+ 28.Kg1 Nh3+
29.Kh1 Nf2+  1/2-1/2

[Event "39th Open"]
[Site "Mar del Plata ARG"]
[Date "2008.03.18"]
[Round "5"]
[White "Fernandez,Jor2"]
[Black "Bustamante,Leona"]
[Result "1/2-1/2"]
[WhiteElo "2012"]
[BlackElo "2001"]

1.Nf3 c5 2.c4 Nf6 3.Nc3 g6 4.g3 Bg7 5.Bg2 O-O 6.O-O d5 7.cxd5 Nxd5 8.Qb3 Nb4
9.a3 N4c6 10.d3 Nd4 11.Qd1 Nbc6 12.Nd2 Bg4 13.h3 Bd7 14.e3 Nf5 15.Nce4 b6
16.Qc2 Rc8 17.Rd1 Qc7 18.Nf3 e5 19.Bd2 Qb8 20.Rac1 h6 21.Bc3 Nfe7 22.Qb1 f5
23.Ned2 Be6 24.b3 Nd5 25.Ba1 Bf7 26.Nh4 Nde7 27.b4 cxb4 28.axb4 Qd6 29.b5 Na5
30.Nc4 Nxc4 31.dxc4 Qc7 32.Bb2 e4 33.Bxg7 Kxg7 34.Bf1 g5 35.Ng2 Be6 36.Rd4 Rfd8
37.Qa1 Kf7 38.Be2 Rxd4 39.Qxd4 Rd8 40.Qc3 Ng6 41.Bh5 Qe7 42.Qe5 Qf6 43.Qa1 Qxa1
44.Rxa1 Rd7 45.Ra4 Rc7 46.c5 bxc5 47.Ra6 Re7 48.Rc6 c4 49.Ne1 Kg7 50.Bxg6 Kxg6
51.Nc2 Kf7 52.Nd4 h5 53.Nxe6  1/2-1/2

[Event "39th Open"]
[Site "Mar del Plata ARG"]
[Date "2008.03.18"]
[Round "5"]
[White "Zamorano,Jor"]
[Black "Needleman,A"]
[Result "1/2-1/2"]
[WhiteElo "2254"]
[BlackElo "2355"]

1.Nf3 Nf6 2.c4 c5 3.Nc3 d5 4.cxd5 Nxd5 5.g3 Nc6 6.Bg2 Nc7 7.O-O e5 8.d3 Be7
9.Nd2 Bd7 10.a4 O-O 11.Nc4 f6 12.f4 exf4 13.gxf4 Be6 14.f5 Bf7 15.Kh1 Re8
16.Bf4 Nd5 17.Nxd5 Bxd5 18.Bxd5+ Qxd5+ 19.e4 Qf7 20.Rf3 Rad8 21.Rg3 Nb4 22.Qb3 Bf8
23.Rag1 Kh8 24.Rh3 b6 25.Rgg3 Rd4 26.Nd2 Qxb3 27.Nxb3 Rxd3 28.Rxd3 Nxd3 29.Rxd3 c4
30.Rd7 cxb3 31.Kg2 Kg8 32.Kf3 Rc8 33.e5 fxe5 34.Bxe5 Rc5 35.Ke4 Rc4+ 36.Rd4 Rxd4+
37.Kxd4 Kf7 38.Kc4 a6 39.Bd4 Bd6 40.h3 b5+ 41.axb5 axb5+ 42.Kxb5 Be7 43.Kc4 Bf6
44.Bxf6 Kxf6 45.Kxb3 Kxf5  1/2-1/2

[Event "ch-RUS Boys u20"]
[Site "St Petersburg RUS"]
[Date "2008.03.18"]
[Round "11"]
[White "Rakhmanov,Ale"]
[Black "Ponkratov,P"]
[Result "1/2-1/2"]
[WhiteElo "2524"]
[BlackElo "2489"]

1.Nf3 c5 2.c4 Nf6 3.Nc3 e6 4.e3 b6 5.d4 cxd4 6.exd4 Bb7 7.Bd3 Be7 8.O-O O-O
9.Re1 d5 10.a3 dxc4 11.Bxc4 Nc6 12.Be3 Rc8 13.Ba2 Na5 14.Rc1 Nc4 15.Qe2 Nxe3
16.fxe3 Rc7 17.Bb1 Qc8 18.Na2 Rxc1 19.Nxc1 Qc7 20.Nb3 Rc8 21.Nbd2 Nd7 22.Rf1 g6
23.Bd3 e5 24.Bc4 Rf8 25.h4 exd4 26.exd4 Bf6 27.h5 Qf4 28.Qd3 Qg4 29.hxg6 hxg6
30.Re1 Rc8 31.b3 Kg7 32.Ne4 Rc7 33.a4 Qf4 34.Nfd2 a6 35.Rf1 Qh4 36.g3 Qg4
37.d5 Be5 38.d6 Nc5 39.Qf3 Bd4+ 40.Kh2 Qxf3 41.Nxf3 Rd7 42.Nxc5 bxc5 43.Nxd4 cxd4
44.Rf4 f5 45.Rxd4 Kf6 46.b4 Ke5 47.Rd2 Rxd6 48.Rxd6 Kxd6 49.a5 g5 50.Kg1 Ke5
51.b5 axb5 52.Bxb5 Kd6 53.Kf2 Kc5 54.Bd3 f4 55.gxf4 gxf4 56.Be2 f3 57.a6 Ba8
58.Bxf3 Bxf3 59.Kxf3 Kb6 60.a7 Kxa7  1/2-1/2

[Event "ch-Siberia"]
[Site "Novokuznetsk RUS"]
[Date "2008.03.19"]
[Round "7"]
[White "Popov,Ro2"]
[Black "Badmatsyrenov,O"]
[Result "0-1"]
[WhiteElo "2338"]
[BlackElo "2343"]

1.c4 Nf6 2.Nf3 c5 3.Nc3 e6 4.g3 b6 5.Bg2 Bb7 6.O-O Be7 7.Re1 d6 8.e4 a6 9.d4 cxd4
10.Nxd4 Qc7 11.Be3 Nbd7 12.Rc1 Rc8 13.f4 Qb8 14.Qe2 O-O 15.g4 Qa8 16.Bf2 g6
17.Bf3 e5 18.Nd5 Bd8 19.g5 Nxd5 20.exd5 exd4 21.Bg4 Rc7 22.Bxd4 Bc8 23.Rc3 Nc5
24.Re3 Bxg4 25.Qxg4 Qc8 26.Qe2 Qf5 27.Re8 Nd7 28.Bxb6 Nxb6 29.Rxf8+ Kxf8
30.Qe8+ Kg7 31.Qxd8 Rxc4 32.Qxb6 Qg4+ 33.Kh1 Qf3+ 34.Kg1 Rxf4  0-1

[Event "ch-Siberia"]
[Site "Novokuznetsk RUS"]
[Date "2008.03.19"]
[Round "7"]
[White "Kljucharev,S"]
[Black "Pereboev,K"]
[Result "1-0"]
[WhiteElo "2367"]
[BlackElo "2217"]

1.Nf3 Nf6 2.c4 e6 3.Nc3 c5 4.g3 Nc6 5.Bg2 Be7 6.O-O O-O 7.d4 d6 8.e4 cxd4
9.Nxd4 Bd7 10.b3 a6 11.Nc2 Rb8 12.a4 Qc7 13.Ba3 Rfd8 14.Ne3 Be8 15.Qd2 Na5
16.Qa2 b5 17.axb5 axb5 18.e5 b4 19.exf6 Bxf6 20.Ncd5 exd5 21.Nxd5 Qc5 22.Nxf6+ gxf6
23.Bb2 Nc6 24.Bxf6 Rdc8 25.Bd5 Nd4 26.Qd2 Qxd5 27.Bxd4 Qh5 28.Qf4 Qg6 29.Ra5 h6
30.Rf5  1-0

[Event "ch-Siberia"]
[Site "Novokuznetsk RUS"]
[Date "2008.03.20"]
[Round "8"]
[White "Smikovski,I"]
[Black "Simonov,S"]
[Result "1-0"]
[WhiteElo "2555"]
[BlackElo "2317"]

1.Nf3 Nf6 2.c4 e6 3.Nc3 c5 4.g3 Nc6 5.Bg2 Be7 6.O-O O-O 7.d4 cxd4 8.Nxd4 d5
9.cxd5 exd5 10.Be3 Re8 11.Rc1 Be6 12.Ncb5 Qd7 13.Nxe6 fxe6 14.Bh3 Ne4 15.Qa4 Bf6
16.Nd4 Bxd4 17.Bxd4 Qd6 18.Rfd1 Nxd4 19.Qxd4 Nf6 20.Rc2 e5 21.Qc5 Qxc5 22.Rxc5 Kf8
23.Rdc1 Re7 24.Bc8 Rb8 25.f3 h6 26.Kf2 Kf7 27.h4 Kf8 28.g4 g5 29.Kg3 Kf7
30.b4 Kf8 31.a4 Kf7 32.h5 d4 33.R1c4 Kf8 34.Kf2 Kf7 35.Bf5 Rd8 36.Rc8 Rxc8
37.Rxc8 b6 38.Rc6 Kg7 39.Ke1 e4 40.fxe4 Nxe4 41.Rg6+ Kf7 42.Rxh6 Nc3 43.Bd3 Nxa4
44.Bc4+ Kg7 45.Rg6+ Kh8 46.Rg8+ Kh7 47.Rxg5 Nb2 48.Bg8+ Kh8 49.Kd2 a5 50.bxa5 bxa5
51.Ba2 Re4 52.Rg8+ Kh7 53.Rb8  1-0